Score 0/26 Timer 03:00
0 Plays Today
Letter Answer % Correct
AAround
99.2%
GGreen
93.2%
YYou
92.7%
NNothing
92.5%
RRanger
91.7%
EEvan
88.6%
CCountry
81.5%
JJack
78.4%
UUpon
78%
LLegend
75.6%
WWife
72.1%
DDudley
69.3%
QQuest
67.7%
Letter Answer % Correct
HHeaven's
63%
FFantasy
59.1%
VVanities
55.9%
IIsland
51.5%
MMars
50.9%
BBaron
48.6%
XXXX
42.4%
SSound
39%
PPluto
37.4%
TTreasure
33.8%
OOsmosis
30.2%
KK-19
25%
ZZyzzyx
3%

Today's Daily Dose

Missing Word
Boxers

Quick Pick
Rise or Fall?

Get the Picture
A ‘B’ in Disney

You're not logged in!

Compare scores with friends on all Sporcle quizzes.
OR
Log In

Sporcle TV

Today on Sporcle TV


Watch our educational content, quiz creation guides, and fun videos on Sporcle TV.

Show Comments

Extras

Top Quizzes Today


Score Distribution

Paid Content

Your Account Isn't Verified!

In order to create a playlist on Sporcle, you need to verify the email address you used during registration. Go to your Sporcle Settings to finish the process.

Report this User

Report this user for behavior that violates our Community Guidelines.

Details: